[Event "SUI-chT"]
[Site "Switzerland"]
[Date "2008.09.06"]
[Round "6.5"]
[White "Vasic, Slavoljub"]
[Black "Vezzosi, Paolo"]
[Result "0-1"]
[WhiteElo "1992"]
[BlackElo "2298"]
[PlyCount "84"]
[EventDate "2008.03.02"]
[EventType "team-tourn"]
[EventRounds "9"]
[EventCountry "SUI"]
[SourceTitle "EXT 2009"]
[Source "ChessBase"]
[SourceDate "2008.11.26"]
[SourceVersion "1"]
[SourceVersionDate "2008.11.26"]
[SourceQuality "1"]
[WhiteTeam "Gligoric"]
[BlackTeam "Mendrisio"]
[WhiteTeamCountry "SUI"]
[BlackTeamCountry "SUI"]

1. e4 c6 2. d4 d5 3. exd5 cxd5 4. Bd3 Nc6 5. c3 Qc7 6. Nf3 Bg4 7. 0-0 e6 8. Re1 Bd6 9. h3 Bh5 10. Nbd2 Nf6 11. b4 0-0 12. Qb3 Rfc8 13. a4 Ne7 14. Bb2 Bg6 15. Bxg6 Nxg6 16. Rac1 Bf4 17. Rc2 Bxd2 18. Nxd2 Qf4 19. Bc1 Qf5 20. Re3 Nf4 21. Nf1 Qg6 22. Ng3 h5 23. Rf3 Nd3 24. Bd2 Nxb4 25. Rb2 Nc6 26. Bf4 b6 27. Re2 h4 28. Nf1 Ne4 29. g4 hxg3 30. fxg3 Na5 31. Qb2 Nc4 32. Qc1 f6 33. Kg2 Rc6 34. Bd2 Rac8 35. Be1 Ng5 36. Rf4 Nxh3 37. Rh4 Ng5 38. Nh2 Qd3 39. Rf2 Ne3+ 40. Kg1 Nf5 41. Rxf5 exf5 42. Kg2 Re6 0-1